| 000 | 00767nam a2200253Ia 4500 | ||
|---|---|---|---|
| 005 | 20260429111857.0 | ||
| 008 | 260429s9999||||xx |||||||||||||| ||und|| | ||
| 020 | _a9781555813642 | ||
| 041 | _aEnglish | ||
| 082 |
_a616.075 _bDET |
||
| 100 | _aDetrick, Barbara | ||
| 245 | 0 |
_aManual of molecular and clinical laboratory immunology / _cBarbara Detrick |
|
| 250 | _a7th ed. | ||
| 260 |
_aWashington : _bAmerican Society for Microbiology Press, _c2006. |
||
| 300 | _axxvi, 1340 p.; hb | ||
| 650 | _a Clinical laboratory science | ||
| 650 | _a Diagnostic immunology | ||
| 650 | _a Medical laboratory technology | ||
| 650 | _a Molecular diagnostics | ||
| 650 | _aImmunology | ||
| 700 | _a Folds, James D. | ||
| 700 | _a Hamilton, Robert G. | ||
| 942 | _cTB | ||
| 999 |
_c51241 _d51241 |
||